| 000 | 00000nam 2200000za 4500 |
| 001 | 9.642484 |
| 003 | CaOODSP |
| 005 | 20221129141524 |
| 007 | cr ||||||||||| |
| 008 | 150407|1998||||xxc|||||o f|0| 0 fre d |
| 040 | |aCaOODSP|bfre |
| 043 | |an-cn--- |
| 086 | 1 |aF2-131/1998F-PDF |
| 110 | 1 |aCanada. |bMinistère des finances. |
| 245 | 10|aPropositions législatives et notes explicatives concernant les fiducies / |h[ressource électronique]|cpubliées par le ministre des Finances l'honorable Paul Martin, c.p., député. |
| 260 | |aOttawa - Ontario : |bFinances Canada. |cDécembre 1998. |
| 300 | |a89p.|btableau |
| 500 | |aLe n° de catalogue (F2-131/1998F) et l'ISBN (0-662-83404-6) de l'édition imprimée ont été incorrectement copiés dans l'édition électronique. |
| 520 | 3 |a« Les présentes notes explicatives portent sur les modifications qu’il est proposé d’apporter à la Loi de l’impôt sur le revenu. Elles donnent, pour fins de discussion, une explication détaillée de chacune des modifications proposées à l’intention des parlementaires, des contribuables et de leurs conseillers professionnels. »--Avant-propos, Notes explicatives, p.39 de 89. |
| 590 | |a13-22-Supp|b2013-09-26 |
| 691 | 07|aAmendement|2gcpds |
| 691 | 07|aImpôt sur le revenu|2gcpds |
| 691 | 07|aBiens|2gcpds |
| 691 | 07|aFiduciaire|2gcpds |
| 691 | 07|aRéglementation en matière de taxation|2gcpds |
| 775 | 08|tLegislative proposals and explanatory notes on trusts / |w(CaOODSP)9.698477 |
| 776 | 0#|tPropositions législatives et notes explicatives concernant les fiducies / |w(CaOODSP)9.680639 |
| 794 | |tPropositions législatives et notes explicatives révisées concernant les fiducies / |w(CaOODSP)9.642487 |
| 856 | 40|ahttp://publications.gc.ca|qPDF|s228 Ko|uhttps://publications.gc.ca/collections/Collection/F2-131-1998F.pdf |